000 00444nam a22001577a 4500
005 20240820120837.0
008 240820b |||||||| |||| 00| 0 eng d
082 _a332.1
_bSAE-M
100 _aSaeed Nasir, Muhammad
245 _aMoney Banking and Finance/
_cMuhammad Saeed Nasir
260 _aFaisalabad;
_bKtab Markaz;
_c2009
300 _aviii, 340 p.:
_bill.;
_c24.5 cm.
650 _aSocial Sciences/Economics
999 _c36424
_d36424